General organic and biochemistry/ (Record no. 8384)
[ view plain ]
| 000 -LEADER | |
|---|---|
| fixed length control field | 00617nam a2200181 4500 |
| 008 - FIXED-LENGTH DATA ELEMENTS--GENERAL INFORMATION | |
| fixed length control field | 180201b xxu||||| |||| 00| 0 eng d |
| 020 ## - INTERNATIONAL STANDARD BOOK NUMBER | |
| International Standard Book Number | 0-534-06870-7 |
| 082 ## - DEWEY DECIMAL CLASSIFICATION NUMBER | |
| Edition number | 1987 |
| Classification number | DC 540 |
| Item number | B81 |
| 100 ## - MAIN ENTRY--PERSONAL NAME | |
| 9 (RLIN) | 25956 |
| Personal name | Brown, William H. |
| 245 ## - TITLE STATEMENT | |
| Title | General organic and biochemistry/ |
| Statement of responsibility, etc. | William H. Brown and Elizabeth P. Rogers. |
| 250 ## - EDITION STATEMENT | |
| Edition statement | Third Edition. |
| 260 ## - PUBLICATION, DISTRIBUTION, ETC. (IMPRINT) | |
| Place of publication, distribution, etc. | Monterey, California: |
| Name of publisher, distributor, etc. | Brooks/Cole Publishing Company. |
| Date of publication, distribution, etc. | © 1987 |
| 300 ## - PHYSICAL DESCRIPTION | |
| Extent | x, 830 pages: |
| Other physical details | color illustration; |
| Dimensions | 23 cm. |
| 521 ## - TARGET AUDIENCE NOTE | |
| Target audience note | Includes index. |
| 650 #0 - SUBJECT ADDED ENTRY--TOPICAL TERM | |
| 9 (RLIN) | 25957 |
| Topical term or geographic name as entry element | Biochemistry |
| 700 ## - ADDED ENTRY--PERSONAL NAME | |
| 9 (RLIN) | 25958 |
| Personal name | Elizabeth P. Rogers |
| Relator term | author |
| 942 ## - ADDED ENTRY ELEMENTS (KOHA) | |
| Source of classification or shelving scheme | Dewey Decimal Classification |
| Koha item type | Circulation |
| Withdrawn status | Lost status | Source of classification or shelving scheme | Damaged status | Not for loan | Collection code | Home library | Current library | Date acquired | Source of acquisition | Total Checkouts | Full call number | Barcode | Checked out | Date last seen | Date last checked out | Copy number | Price effective from | Koha item type |
|---|---|---|---|---|---|---|---|---|---|---|---|---|---|---|---|---|---|---|
| Dewey Decimal Classification | Circulation | UM Digos College - LIC | UM Digos College - LIC | 01/20/1995 | Purchased | 8 | DC 540 B81 1987 | 11709 | 04/27/2026 | 04/24/2026 | 04/24/2026 | 1 | 02/01/2018 | Circulation |
